000
00195 a2200097 4500
001
13672
100
_a
Faronki, Z
245
_a
Aurangzeb
260
_a
Lahore
_b
Al Biruni
_c
090
_c
10666
_d
10666
942
_a
NUST-CAE
_c
M
_c
743
999
_c
248745
_d
248745